| 000 | 02894cam a2200385 i 4500 | ||
|---|---|---|---|
| 999 |
_c75616 _d75616 |
||
| 003 | BJBSDDR | ||
| 005 | 20230410130528.0 | ||
| 007 | ta | ||
| 008 | 171002s2015 nyu 000 0 eng d | ||
| 020 | _a9781941729038 | ||
| 020 | _a1941729037 | ||
| 020 | _a9781941729052 | ||
| 020 | _a1941729053 | ||
| 040 |
_bspa _cBJBSDDR |
||
| 041 | _aeng | ||
| 050 | 1 | 4 |
_aPN 145 _bH243w 2015 |
| 082 | 0 | 0 | _a808.06692 |
| 100 | 1 |
_aHannan, Judith, _d1953- |
|
| 245 | 1 | 4 |
_aThe write prescription : _btelling your story to live with and beyond illness / _cJudith Hannan ; Foreword by Charles Barber. |
| 260 |
_aNew York : _bArcher/Rare Bird, _cc2015 |
||
| 300 |
_axiii, 222 p. ; _c22 cm |
||
| 500 | _aFirst trade paperback original edition | ||
| 505 | 0 | _aIntroduction; How To Use This Book; Part I; Getting Started; Just Show Up; Your Assignment; Getting Here; Free Association; Making Metaphor; The Five Senses; Look Closely; Listen Closely: A Warm-Up For Your Ears; Change Your Seat; List Making; Text, Tweet, Haiku; In the Image of a Person; If You Were the Weather; This Is How It's Done; A Hand Portrait; Part II; Parting the Curtains, Setting the Scenes; When You Found Out; Waiting; Why or Why Not; Naming an Illness; Writing It Raw; Domes of Words; Where Do I Stand By the Bed; I Should Have Said & I Remember, I Remember NotTravelogue of Illness; We Are Family; The Third Thing; Cast of Characters; What Friends Are For; They Said What?; Sense and Sensuality; I Know; Retreats and Rituals of Comfort; Sacred Time and Spaces; Animal Therapy; Greedy Hearts; What Now; The Phantom Road; Part III; Inside the System; The Good Doctor; The Good Patient; Healing Hands; Bits and Bytes; The Fourth Amendment; Medicine as a Second Language; Define Dignity; Tell Me Where It Hurts; The Ideal Hospital Room; Insurance; Appendices; Quick Prompts; An Ending and a Beginning: Where Are You Now? After the First DraftTime is Distance; What's It About?; Read Aloud; Tighten, Tighten, Tighten; Use Action Words; Show Don't Tell; Be Specific; Time Is Distance (Part II); Other Readers; Bibliography; Acknowledgments. | |
| 520 | _aA hands-on, hearts-on guide to writing about illness. Using intimate prompts and personal stories, Judith Hannan takes the reader and emerging-writer on a journey through what it means to reckon with illness. Having gone through her daughter's cancer diagnosis and treatments, Hannan is an experienced, thoughtful, and caring guide for anyone wanting to find a way through the labyrinth of the illness experience. | ||
| 650 | 0 |
_aAutobiography _xAuthorship. |
|
| 650 | 0 |
_aAuthorship _xTechnique. |
|
| 650 | 0 | _aDiseases in literature. | |
| 650 | 0 | _aNarrative therapy. | |
| 650 | 4 |
_aAutobiografía _xTécnicas _96685 |
|
| 650 | 4 |
_aArte de escribir. _9926 |
|
| 650 | 4 |
_aTerapia narrativa _912588 |
|
| 650 | 4 |
_aAutoría _xTécnicas. _9925 |
|
| 942 |
_2lcc _cBK |
||
| 946 | _adpf | ||